| 000 | 01320nam a22001937a 4500 | ||
|---|---|---|---|
| 005 | 20250313153945.0 | ||
| 008 | 250313b2024 dr adc|f t|p|o00| 0 spa d | ||
| 040 |
_aCGIP00239 _cCGIP00239 _erda |
||
| 082 |
_2333.714 7293 56/I59 _a21 |
||
| 110 | _aInstituto Dominicano de Evaluación e Investigación de la Calidad Educativa (IDEICE) | ||
| 245 |
_aEducación ambiental en la Regional 08 Santiago de los Caballeros _cInstituto Dominicano de Evaluación e Investigación de la Calidad Educativa (IDEICE) |
||
| 260 |
_aSanto Domingo : _bInstituto Dominicano de Evaluación e Investigación de la Calidad Educativa (IDEICE) _c2024 |
||
| 300 | _a18p. | ||
| 520 | _aLa educación ambiental es crucial por su capacidad para generar conciencia en los individuos sobre los desafíos que enfrenta el medio ambiente y para fomentar una actitud responsable y activa en cuanto a la protección y cuidado de este | ||
| 650 | _2Educación ambiental -- Enseñanza educación ambiental, Estudio de impacto medio ambiental -- República Dominicana, Santiago de los Caballeros -- República Dominicana. | ||
| 700 | _aRamírez, Jessica - Gutiérrez Martes, Ashley Altagracia | ||
| 856 | _uhttps://ideice.gob.do/documentacion/publicaciones-id-p1-207-educacion-ambiental-en-la-regional-08-santiago-de-los-caballeros | ||
| 942 |
_2ddc _cFOL _n0 |
||
| 999 |
_c12520 _d12520 |
||